Statistiques concernant Culture Générale - Série 2371

Cliquez ici pour prendre le quiz!

Statistiques générales

  • Ce quiz a été pris 63 fois
  • Le résultat moyen est 6 sur 10

Statistiques - réponses

QuestionRéponse% Correct
En France, en quelle année l'euro a-t-il remplacé le franc ?2002
100%
Quel instrument appelle-t-on "piano à bretelles" ?accordéon
84%
Comment s'appelait autrefois l'Iran ?Perse
82%
Dans la mythologie grecque, comment s'appelait le chevail ailé de Persée ?Pégase
81%
Dans la mythologie grecque, qui donna à Thésée le fil qui lui permit de sortir du labyrinthe construit par Dédale ?Ariane
79%
Quelle est la capitale du Nicaragua ?Managua
63%
Dans la mythologie grecque, les écuries de quel roi Héraclès nettoya-t-il en détournant deux fleuves ?Augias
55%
Dans les épisodes de la série télévisée "Clem" quel est le prénom de l'actrice qui incarne Caroline Boissier, la mère de Clem Boissier ?Victoria
34%
Quel est le prénom de l'auteur du roman "Thérèse Desqueyroux" ?François
34%
Quel roman d'Ernest Hemingway met en scène la guerre civile d'Espagne ? - 5 motspour qui sonne le glas
24%

Distribution des résultats

Percentile par nombre de réponses

% des personnes avec chaque résultat

Votre développement - résultats

Vous n’avez pas pris ce quiz